Príprava, monitoring a aplikácia produktov fungálnych polosuchých fermentácii
Gespeichert in:
| 1. Verfasser: | |
|---|---|
| Weitere Verfasser: | |
| Format: | Manuskript Buch |
| Sprache: | Slowakisch |
| Veröffentlicht: |
2020
|
| Schlagworte: | |
| Online-Zugang: | http://is.stuba.sk/zp/portal_zp.pl?podrobnosti=127865 |
| Tags: |
Keine Tags, Fügen Sie das erste Tag hinzu!
|
MARC
| LEADER | 00000ntm a22000003a 4500 | ||
|---|---|---|---|
| 001 | stuzp54612 | ||
| 003 | SK-STU | ||
| 005 | 20200704210231.8 | ||
| 007 | ta | ||
| 008 | 150427s2015----xo-----f-mn---000-0-slo-d | ||
| 040 | |a STU |b slo | ||
| 041 | 0 | |a slo | |
| 100 | 1 | |a Slaný, Ondrej |u 044000 |k Z2 |4 aut |U FCHPT Fakulta chemickej a potravinárskej technológie |T FCHPT Ústav biotechnológie |X 69421 |U C4000 |Y 102 |7 A0000069421 | |
| 242 | 0 | 1 | |a Preparation, monitoring and application of fungal solid-state fermentation products |y eng |
| 245 | 1 | 0 | |a Príprava, monitoring a aplikácia produktov fungálnych polosuchých fermentácii |
| 260 | |c 2020 | ||
| 650 | 4 | |a polosuché fermentácie |2 slo | |
| 650 | 4 | |a polynenasýtené mastné kyseliny |2 slo | |
| 650 | 4 | |a FTIR spektroskopia |2 slo | |
| 650 | 4 | |a Zygomycetes |2 slo | |
| 650 | 4 | |a agro-industriálne odpady |2 slo | |
| 650 | 4 | |a krmovinársky priemysel |2 slo | |
| 650 | 4 | |a feed industry |2 eng | |
| 650 | 4 | |a FTIR spectroscopy |2 eng | |
| 650 | 4 | |a solid-state fermentation |2 eng | |
| 650 | 4 | |a agro-industrial waste |2 eng | |
| 650 | 4 | |a polyunsaturated fatty acid |2 eng | |
| 650 | 4 | |a Zygomycetes |2 eng | |
| 700 | 1 | |a Čertík, Milan |u 044000 |k Z1 |4 ths |U FCHPT Fakulta chemickej a potravinárskej technológie |T FCHPT Ústav biotechnológie |X 3922 |U C4000 |Y 102 |7 A000003922 | |
| 856 | 4 | |u http://is.stuba.sk/zp/portal_zp.pl?podrobnosti=127865 | |